MAASAI MARA UNIVERSITY

LIBRARY CATALOGUE

Contact Us: +254 020 2685356/7 or 0774 057787

Box: 861-20500, NAROK, KENYA

Email: info@mmarau.ac.ke

Postive Discipline : (Record no. 18365)

MARC details
000 -LEADER
fixed length control field 00617nam a22002177a 4500
003 - CONTROL NUMBER IDENTIFIER
control field OSt
005 - DATE AND TIME OF LATEST TRANSACTION
control field 20170518100845.0
008 - FIXED-LENGTH DATA ELEMENTS--GENERAL INFORMATION
fixed length control field 160722b xxu||||| |||| 00| 0 eng d
020 ## - INTERNATIONAL STANDARD BOOK NUMBER
International Standard Book Number 0761514708
040 ## - CATALOGING SOURCE
Original cataloging agency mmu.
Language of cataloging eng.
Transcribing agency mmu.
Modifying agency mmu.
050 ## - LIBRARY OF CONGRESS CALL NUMBER
Classification number HQ770.4
Item number .N435 1999
100 ## - MAIN ENTRY--PERSONAL NAME
Personal name Nelsen, Jane
245 ## - TITLE STATEMENT
Title Postive Discipline :
Remainder of title A-Z /
Statement of responsibility, etc. Jane Nelsen...(et al)
250 ## - EDITION STATEMENT
Edition statement 2nd ed.
260 ## - PUBLICATION, DISTRIBUTION, ETC. (IMPRINT)
Place of publication, distribution, etc. United States of America:
Name of publisher, distributor, etc. Prima Publishin,
Date of publication, distribution, etc. 1999.
300 ## - PHYSICAL DESCRIPTION
Extent xiv,327p.:
Other physical details ill.:
500 ## - GENERAL NOTE
General note includes index
504 ## - BIBLIOGRAPHY, ETC. NOTE
Bibliography, etc includes bibliography
650 ## - SUBJECT ADDED ENTRY--TOPICAL TERM
Source of heading or term Discipline of children.
942 ## - ADDED ENTRY ELEMENTS (KOHA)
Source of classification or shelving scheme Library of Congress Classification
Koha item type L

No items available.

© 2016 Maasai Mara University.